Lonely planet greece / (Record no. 15694)

000 -LEADER
fixed length control field 01784nam a2200325 a 4500
001 - CONTROL NUMBER
control field ASIN1741799570
005 - DATE AND TIME OF LATEST TRANSACTION
control field 20170105102923.0
008 - FIXED-LENGTH DATA ELEMENTS--GENERAL INFORMATION
fixed length control field 131209s2012 xxu eng d
020 ## - INTERNATIONAL STANDARD BOOK NUMBER
International Standard Book Number 1741799570 (paperback)
Terms of availability $24.99
020 ## - INTERNATIONAL STANDARD BOOK NUMBER
International Standard Book Number 9781741799576 (paperback)
040 ## - CATALOGING SOURCE
Original cataloging agency 0
100 1# - MAIN ENTRY--PERSONAL NAME
Personal name Miller, Korina.
245 10 - TITLE STATEMENT
Title Lonely planet greece /
Statement of responsibility, etc. Korina Miller, Alexis Averbuck, Andrea Schulte-Peevers, Richard Waters, Michael Stamatios Clark, Victoria Kyriakopoulos, Des Hannigan, Kate Armstrong, Chris Deliso.
250 ## - EDITION STATEMENT
Edition statement 10th ed.
260 ## - PUBLICATION, DISTRIBUTION, ETC.
Place of publication, distribution, etc. [S.l.] :
Name of publisher, distributor, etc. Lonely Planet,
Date of publication, distribution, etc. 2012.
300 ## - PHYSICAL DESCRIPTION
Extent 816 p. ;
Dimensions 20 cm.
490 1# - SERIES STATEMENT
Series statement Country guide.
520 ## - SUMMARY, ETC.
Summary, etc. “Experience aquamarine coastline, sun-bleached ancient ruins, strong feta and stronger ouzo. The Greek landscape thrills, and its people are equally passionate about politics, coffee, art and gossiping.” – Korina Miller, Lonely Planet Writer Our Promise You can trust our travel information because Lonely Planet authors visit the places we write about, each and every edition. We never accept freebies for positive coverage so you can rely on us to tell it like it is. Inside This Book... 9 expert authors 42 weeks of on-the-ground research 150 maps 72 ancient ruins Inspirational photos Island hopping and cruising planning features Pull-out city map of Athens 3D plans of iconic sights Comprehensive planning tools In-depth backgr
700 ## - ADDED ENTRY--PERSONAL NAME
Personal name Averbuck, Al
700 ## - ADDED ENTRY--PERSONAL NAME
Personal name Schulte-Peevers, An
700 ## - ADDED ENTRY--PERSONAL NAME
Personal name Waters, Ric
700 ## - ADDED ENTRY--PERSONAL NAME
Personal name Clark, Michael Stama
700 ## - ADDED ENTRY--PERSONAL NAME
Personal name Kyriakopoulos, Vict
700 ## - ADDED ENTRY--PERSONAL NAME
Personal name Hannigan,
700 ## - ADDED ENTRY--PERSONAL NAME
Personal name Armstrong,
700 ## - ADDED ENTRY--PERSONAL NAME
Personal name Deliso, C
830 ## - SERIES ADDED ENTRY--UNIFORM TITLE
Uniform title Country g
856 ## - ELECTRONIC LOCATION AND ACCESS
Materials specified Amazon.com
Uniform Resource Identifier <a href="http://www.amazon.com/exec/obidos/ASIN/1741799570/chopaconli">http://www.amazon.com/exec/obidos/ASIN/1741799570/chopaconli</a>
942 ## - ADDED ENTRY ELEMENTS (KOHA)
Source of classification or shelving scheme
Koha item type Book
Holdings
Withdrawn status Lost status Damaged status Not for loan Collection code Permanent Location Current Location Shelving location Date acquired Total Checkouts Full call number Barcode Date last seen Price effective from Koha item type
          Centre for International Peace & Stability (CIPS) Centre for International Peace & Stability (CIPS) General Stacks 10/02/2013   914.950476 GRE 2012 CIPS0001721 12/09/2013 12/09/2013 Book
© 2023 Central Library, National University of Sciences and Technology. All Rights Reserved.